000 00320nam a2200097Ia 4500
008 220120s9999||||xx |||||||||||||| ||und||
100 _aNishanth Koshy, Josep and Prinu James
_912359
245 0 _aAutomated tool for HRM
260 _aCoorg Institute of Technology
_bPonnampet
_c2011
650 _aELECTRONICS AND COMMUNICATIONS
999 _c137945
_d137945